Normal view
MARC view
- حسن، غسان حاكم
Entry Personal Name
001 - CONTROL NUMBER
- control field: 60754
003 - CONTROL NUMBER IDENTIFIER
- control field: JO-AjAnu
005 - DATE AND TIME OF LATEST TRANSACTION
- control field: 20230606083929.0
008 - FIXED-LENGTH DATA ELEMENTS
- fixed length control field: 230606|| aca||aabn | a|a d
040 ## - CATALOGING SOURCE
- Original cataloging agency: JO-AjAnu
- Transcribing agency: JO-AjAnu
100 ## - HEADING--PERSONAL NAME
- Personal name: حسن، غسان حاكم
670 ## - SOURCE DATA FOUND
- Source citation: Work cat.: (JO-AjAnu)30985: حسن، غسان حاكم , author, الحكم الفاطمي لبلاد الشام (358-468)هـ (968-1075)م